000 00983cam a2200229 a 4500
020 _a0801835917 (v. 1)
020 _a0801835925 (v. 2)
082 0 0 _a625.725
_bHIG
245 0 4 _aThe Highway design and maintenance standards model /
_cThawat Watanatada ... [et al.] ; in collaboration with Wee-Beng Aw ... [et al.].
260 _aBaltimore :
_bPublished for the World Bank [by] Johns Hopkins University Press,
_cc1987.
300 _a2 v. :
_bill. ;
_c28 cm.
505 1 _av. 1. Description of the HDM-III model -- v. 2. User's manual for the HDM-III model.
526 _a0
_b0
_c0
_d625_725000000000000_HIG
650 0 _aMCE
_9379
650 0 _aMotor vehicles
_xCost of operation
_xMathematical models.
650 0 _aRoads
_xDesign and construction
_xMathematical models.
650 0 _aRoads
_xDeterioration
_xMathematical models.
650 0 _aRoads
_xMaintenance and repair
_xMathematical models.
700 0 _aThawat Watanatada.
710 2 _aWorld Bank.
_94999
942 _2ddc
_cBK
999 _c547446
_d547446